Подход к формированию конкурентной политики отраслевых рынков регионов; Ресурсоэффективные системы в управлении и контроле: взгляд в будущее; Ч. 4
| Parent link: | Ресурсоэффективные системы в управлении и контроле: взгляд в будущее: сборник научных трудов II Международной конференции школьников, студентов, аспирантов, молодых ученых, 08 - 12 октября 2013 г./ Национальный исследовательский Томский политехнический университет (ТПУ).— , 2013 Ч. 4.— 2013.— [С. 55-59] |
|---|---|
| Автор: | |
| Співавтори: | , |
| Резюме: | Заглавие с титульного экрана Определены основные составляющие конкурентоспособности региона и выделена особая роль производственной инфраструктуры в процессе достижения конкурентных преимуществ. Рассмотрена возможность формирования механизмов развития отраслей производства на основе современных концепций теории организации отраслевых рынков. Предложено рассматривать теорию работающей конкуренции как основу формирования конкурентной политики отраслевых рынков региона. |
| Мова: | Російська |
| Опубліковано: |
2013
|
| Серія: | Концепции управления в современной экономике |
| Предмети: | |
| Онлайн доступ: | http://www.lib.tpu.ru/fulltext/c/2013/C47/V4/021.pdf |
| Формат: | MixedMaterials Електронний ресурс Частина з книги |
| KOHA link: | https://koha.lib.tpu.ru/cgi-bin/koha/opac-detail.pl?biblionumber=603180 |
MARC
| LEADER | 00000naa2a2200000 4500 | ||
|---|---|---|---|
| 001 | 603180 | ||
| 005 | 20260226132211.0 | ||
| 035 | |a (RuTPU)RU\TPU\conf\329 | ||
| 035 | |a RU\TPU\conf\326 | ||
| 090 | |a 603180 | ||
| 100 | |a 20131218d2013 k y0rusy50 ca | ||
| 101 | 0 | |a rus | |
| 102 | |a RU | ||
| 135 | |a drnn ---uucaa | ||
| 181 | 0 | |a i | |
| 182 | 0 | |a b | |
| 200 | 1 | |a Подход к формированию конкурентной политики отраслевых рынков регионов |f И. В. Кащук | |
| 203 | |a Текст |c электронный | ||
| 225 | 1 | |a Концепции управления в современной экономике | |
| 300 | |a Заглавие с титульного экрана | ||
| 320 | |a [Библиогр.: с. 59 (4 назв.)] | ||
| 330 | |a Определены основные составляющие конкурентоспособности региона и выделена особая роль производственной инфраструктуры в процессе достижения конкурентных преимуществ. Рассмотрена возможность формирования механизмов развития отраслей производства на основе современных концепций теории организации отраслевых рынков. Предложено рассматривать теорию работающей конкуренции как основу формирования конкурентной политики отраслевых рынков региона. | ||
| 337 | |a Adobe Reader | ||
| 461 | 1 | |0 (RuTPU)RU\TPU\conf\171 |t Ресурсоэффективные системы в управлении и контроле: взгляд в будущее |o сборник научных трудов II Международной конференции школьников, студентов, аспирантов, молодых ученых, 08 - 12 октября 2013 г. |o в 4 ч. |f Национальный исследовательский Томский политехнический университет (ТПУ) |d 2013 | |
| 463 | 1 | |0 (RuTPU)RU\TPU\conf\317 |t Ч. 4 |v [С. 55-59] |d 2013 | |
| 610 | 1 | |a труды учёных ТПУ | |
| 610 | 1 | |a электронный ресурс | |
| 610 | 1 | |a формирование | |
| 610 | 1 | |a конкурентная политика | |
| 610 | 1 | |a отраслевые рынки | |
| 610 | 1 | |a регионы | |
| 700 | 1 | |a Кащук |b И. В. |c экономист |c доцент Томского политехнического университета, кандидат технических наук |f 1958- |g Ирина Вадимовна |3 (RuTPU)RU\TPU\pers\25428 |9 11370 | |
| 712 | 0 | 2 | |a Национальный исследовательский Томский политехнический университет (ТПУ) |b Институт социально-гуманитарных технологий (ИСГТ) |b Кафедра экономики (ЭКОН) |3 (RuTPU)RU\TPU\col\18375 |
| 712 | 0 | 2 | |a Национальный исследовательский Томский политехнический университет (ТПУ) |b Институт социально-гуманитарных технологий (ИСГТ) |b Кафедра инженерного предпринимательства (ИП) |3 (RuTPU)RU\TPU\col\18857 |
| 801 | 2 | |a RU |b 63413507 |c 20131218 |g RCR | |
| 856 | 4 | |u http://www.lib.tpu.ru/fulltext/c/2013/C47/V4/021.pdf | |
| 942 | |c BK | ||